Statistics for Countries that border india and are 2 and 3 borders away from India

Click here to take the quiz!

General Stats

  • This quiz has been taken 44 times
  • The average score is 32 of 37

Answer Stats

Answer% Correct
China
98%
Iraq
98%
Afghanistan
95%
Nepal
95%
Russia
95%
Uzbekistan
95%
Iran
93%
Kazakhstan
93%
Kyrgyzstan
93%
Laos
93%
North Korea
93%
Pakistan
93%
Thailand
93%
Mongolia
91%
Myanmar
91%
Tajikistan
91%
Vietnam
91%
Bhutan
88%
Cambodia
88%
Georgia
88%
South Korea
88%
Turkey
88%
Turkmenistan
88%
Armenia
86%
Bangladesh
86%
Ukraine
86%
Azerbaijan
84%
Belarus
84%
Estonia
84%
Finland
84%
Latvia
81%
Lithuania
81%
Poland
81%
Sri Lanka
81%
Malaysia
79%
Norway
79%
Japan
51%

Score Distribution

Percentile by Number Answered

Percent of People with Each Score

Your Score History

You have not taken this quiz